| 000 | 00563nam a22001817a 4500 | ||
|---|---|---|---|
| 999 |
_c184018 _d184018 |
||
| 005 | 20220110161943.0 | ||
| 010 | _aENG-131063 | ||
| 020 |
_a978-93-539-4358-5 _c910.00 |
||
| 035 | _aEN-114595 | ||
| 037 | _bDBAD | ||
| 082 | _a547 | ||
| 100 | _aGanguly, Ananya | ||
| 245 |
_aJEE Advanced Chemistry Organic Chemistry-II: _cAnanya Ganguly |
||
| 260 |
_aNew Delhi _bS Chand School Books _c2013 |
||
| 270 |
_bNew Delhi _aA-27, 2nd Floor, Mohan Co-operative Industrial Estate _e110044 |
||
| 300 |
_a1868p. _c25cm(pbk) |
||
| 942 |
_2ddc _cEN _h547 _mGAN |
||